|
|
|
|
| LEADER |
00000nam a22000007a 4500 |
| 005 |
20181116215829.0 |
| 007 |
cr|||| ||| |
| 008 |
181116s2018 es |||||s|||| 00||0 spa d |
| 020 |
|
|
|a 978-84-9148-831-6
|
| 035 |
|
|
|a 22403
|
| 040 |
|
|
|a vLex
|
| 090 |
|
|
|c 8304
|d 8304
|
| 100 |
1 |
|
|a Přez Trujillano, Rubň
|
| 245 |
1 |
0 |
|a Creacin̤ de constitucin̤, destruccin̤ de estado
|h [Recurso electrn̤ico] :
|b la defensa extraordinaria de la II Repb︢lica espaǫla /
|c Rubň Přez Trujillano
|
| 256 |
|
|
|a Servicio en ln̕ea
|
| 260 |
|
|
|a Madrid:
|b Dykinson,
|c 2018
|
| 300 |
|
|
|a 1 recurso electrn̤ico
|
| 500 |
|
|
|a Esta investigacin̤ aborda el proceso de constitucionalizacin̤ de la II Repb︢lica espaǫla desde la perspectiva de la funcin̤ desempeąda por los estados de excepcin̤ y dems̀ instrumentos de proteccin̤ extraordinaria del orden. Esta aproximacin̤ pretende enmarcar el derecho republicano, no sl̤o dentro del clima polt̕ico de la Espaą de los aǫs treinta sino, tambiň, en el seno de la cultura constitucional de entreguerras, por una parte, y al hilo de la peculiar trayectoria histr̤ica del Estado espaǫl y sus prc̀ticas institucionales, por otra. El anl̀isis de ese lado oscuro del constitucionalismo en la hora de su democratizacin̤ contribuye a calibrar las transformaciones y continuidades que se produjeron en las categora̕s relativas al ejercicio del poder y la garanta̕ de los derechos en la transicin̤ del Estado liberal y autoritario forjado en la Restauracin̤ hacia el Estado constitucional y democrt̀ico inaugurado por la Repb︢lica. Asimismo, este enfoque aporta algunas claves acerca de los problemas de consolidacin̤ y desarrollo por los que atraves ̤el rǧimen constitucional entre 1931 y 1936.
|
| 506 |
1 |
|
|a Disponible solo en los productos indicados
|d vLex Global
|d vLex Global (Academic Edition, excluding Law Schools)
|d vLex Global (U.S. Academic Edition, Law Schools)
|d vLex Global (U.S. Academic Edition, excluding Law Schools)
|d vLex Global (Academic Edition, Law Schools)
|
| 650 |
0 |
4 |
|a Derecho Constitucional
|z Espaą
|
| 650 |
0 |
4 |
|a Derecho Militar
|z Espaą
|
| 740 |
0 |
|
|a vLex Libros (Servicio en ln̕ea)
|
| 856 |
4 |
0 |
|u http://vlex.com/source/creacion-de-constitucion-destruccion-de-estado-la-defensa-extraordinaria-de-la-ii-republica-espa-ola-22403
|z Acceso restringido
|
| 942 |
|
|
|c BOOK
|
| 999 |
0 |
|
|a Constitutional Law
|
| 999 |
0 |
|
|a Military Law
|